| 000 | 00540nam a22001937a 4500 | ||
|---|---|---|---|
| 005 | 20140701153816.0 | ||
| 010 | _aENG-109699 | ||
| 020 |
_a9789325974166 _c245.00 |
||
| 035 | _aEN-93232 | ||
| 037 | _bDBAD/PUB | ||
| 082 | _a005.43 | ||
| 100 | _aKhurana, Rohit | ||
| 245 | 0 | 0 |
_aOperating system / _cby Rohit Khurana |
| 260 |
_aNoida _bVikas Publising House _c2014 |
||
| 270 |
_aE-28, Sector-8 _bNoida _e201301 |
||
| 300 |
_axv,333p. _c24cm(pbk) |
||
| 490 | _aVikas-WBUT students'series | ||
| 942 |
_2ddc _cEN _mKHU _h005.43 |
||
| 999 |
_c83457 _d83457 |
||